00338 a2200133 4500020001800000022001800018082001000036100001900046245006200065250000900127260004200136300001000178500001600188 a9788177587807 a9788177587807 a658.3 aDessler, Gary. aA Framework for Human Resource Management.cGary Dessler. a3rd. aNew Delhi.bPearson Education.c2004. a408p. aPaper cover